[Event "GM Scheveningen"]
[Site "Taiyuan CHN"]
[Date "2006.07.10"]
[Round "1"]
[White "Zhang Pengxiang"]
[Black "Asrian,K"]
[Result "1/2-1/2"]
[WhiteElo "2622"]
[BlackElo "2635"]
[EventDate "2006.07.10"]

1. e4 c6 2. d4 d5 3. e5 Bf5 4. Nf3 e6 5. Be2 Bg6 6. O-O Nh6 7. Nbd2 Be7 8.
Nb3 O-O 9. h3 Nd7 10. g4 Kh8 11. Be3 Ng8 12. Ne1 f6 13. f4 c5 14. c4 cxd4
15. Nxd4 Bc5 16. b4 Bxd4 17. Qxd4 fxe5 18. fxe5 Ne7 19. Rxf8+ Qxf8 20. b5
a6 21. Nf3 axb5 22. cxb5 b6 23. Qb4 Bd3 24. Qd2 Bxe2 25. Qxe2 Ng6 26. Rf1
Qe7 27. Nd4 Ndxe5 28. Bf4 Nc4 29. Qxe6 Qxe6 30. Nxe6 Rxa2 31. Rd1 Nxf4 32.
Nxf4 Nd2 33. Nxd5 Nf3+ 34. Kf1 1/2-1/2

[Event "GM Scheveningen"]
[Site "Taiyuan CHN"]
[Date "2006.07.11"]
[Round "2"]
[White "Asrian,K"]
[Black "Zhang Zhong"]
[Result "1-0"]
[WhiteElo "2635"]
[BlackElo "2639"]
[EventDate "2006.07.10"]

1. e4 e5 2. Nf3 Nc6 3. Bb5 a6 4. Ba4 Nf6 5. O-O Be7 6. Re1 b5 7. Bb3 O-O 8.
h3 Bb7 9. d3 d6 10. c3 Nb8 11. Nbd2 Nbd7 12. Nf1 Nc5 13. Bc2 Re8 14. Ng3
Bf8 15. Nh2 g6 16. Qf3 Bg7 17. Ng4 Nxg4 18. Qxg4 Ne6 19. Nf1 c5 20. a4 Rc8
21. axb5 axb5 22. Bd2 d5 23. Qg3 d4 24. c4 bxc4 25. dxc4 Qb6 26. Qb3 Qxb3
27. Bxb3 Ra8 28. Bc2 Bf8 29. Nh2 h5 30. Nf3 f6 31. Reb1 Reb8 32. Ne1 Bc6
33. Bc1 Kh7 34. f3 Bh6 35. Bxh6 Kxh6 36. Nd3 h4 37. Rxa8 Rxa8 38. b4 cxb4
39. Rxb4 Ra1+ 40. Rb1 Ra2 41. Nb4 1-0

[Event "GM Scheveningen"]
[Site "Taiyuan CHN"]
[Date "2006.07.11"]
[Round "2"]
[White "Ni Hua"]
[Black "Berkes,F"]
[Result "1-0"]
[WhiteElo "2607"]
[BlackElo "2601"]
[EventDate "2006.07.10"]

1. e4 e6 2. d4 d5 3. Nc3 Bb4 4. Nge2 dxe4 5. a3 Be7 6. Nxe4 Nf6 7. N2g3 Nc6
8. Nxf6+ Bxf6 9. c3 e5 10. d5 Ne7 11. Bc4 O-O 12. Qf3 Ng6 13. O-O Be7 14.
Nf5 Bd6 15. Bd3 Nh4 16. Qh3 Bxf5 17. Bxf5 Nxf5 18. Qxf5 Qh4 19. b3 Rae8 20.
g3 Qe7 21. c4 g6 22. Qc2 f5 23. b4 b6 24. Bh6 Rf7 25. Rac1 g5 26. c5 Qf6
27. cxd6 cxd6 28. Qc8 Rfe7 29. Rc7 Qxh6 30. Qb7 Rxc7 31. Qxc7 f4 32. Qd7
Rf8 33. Rc1 Qf6 34. Rc7 Rf7 35. Qe8+ Kg7 36. Rxf7+ Qxf7 37. Qd8 Qf6 38.
Qd7+ Kh6 39. Qxa7 e4 40. gxf4 gxf4 41. Qxb6 Qa1+ 42. Kg2 f3+ 43. Kh3 Kh5
44. Qb5 Qe5 45. Qd7 Qxd5 46. b5 Kh6 47. Qg4 Qxb5 48. Qxe4 Qf1+ 49. Kg4 Qxf2
50. Qxf3 Qg1+ 51. Qg3 Qd1+ 52. Kf5 Qd5+ 53. Kf6 Qd4+ 54. Ke6 d5 55. Qh3+
Kg7 56. Qg2+ Kh6 57. Qxd5 Qe3+ 58. Kf6 Qf2+ 59. Qf5 Qh4+ 60. Ke6 Qc4+ 61.
Qd5 Qa6+ 62. Qd6 Qe2+ 63. Kd5+ 1-0

[Event "GM Scheveningen"]
[Site "Taiyuan CHN"]
[Date "2006.07.12"]
[Round "3"]
[White "Zhang Pengxiang"]
[Black "Jobava,Ba"]
[Result "0-1"]
[WhiteElo "2622"]
[BlackElo "2651"]
[EventDate "2006.07.10"]

1. e4 c6 2. d4 d5 3. e5 Bf5 4. Nc3 e6 5. g4 Bg6 6. Nge2 h5 7. Nf4 Ne7 8.
gxh5 Bh7 9. h6 gxh6 10. Qh5 Ng6 11. Nxe6 fxe6 12. Bd3 Rg8 13. Rg1 Kd7 14.
Rxg6 Qe8 15. Rxg8 Qxh5 16. Rxf8 Bxd3 17. cxd3 Qxh2 18. Rb1 Qg1+ 19. Ke2 Qg7
20. Rf6 Qg4+ 21. Kf1 Qxd4 22. Bxh6 Qxd3+ 23. Kg2 Kc7 24. Rd1 Qh7 25. Bf8
Nd7 26. Bd6+ Kb6 27. Rf4 Rg8+ 28. Kf1 Qh3+ 29. Ke2 Qh5+ 30. Ke3 c5 31. Rxd5
exd5 32. Nxd5+ Ka6 33. Nc7+ Ka5 34. b4+ Ka4 35. e6 c4 36. exd7 Qh3+ 37. f3
Qxd7 38. Rd4 b5 39. Rd5 Rd8 40. Nxb5 Qe6+ 41. Kd4 Qxd5+ 0-1

[Event "GM Scheveningen"]
[Site "Taiyuan CHN"]
[Date "2006.07.14"]
[Round "5"]
[White "Zhang Pengxiang"]
[Black "Berkes,F"]
[Result "1-0"]
[WhiteElo "2622"]
[BlackElo "2601"]
[EventDate "2006.07.10"]

1. e4 c5 2. Nf3 e6 3. c4 Nc6 4. Nc3 Nf6 5. Be2 b6 6. O-O Bb7 7. h3 d6 8. d4
cxd4 9. Nxd4 Be7 10. Nxc6 Bxc6 11. Qc2 O-O 12. Rd1 Qc7 13. Bf4 Rfd8 14. Rd2
Qb7 15. Bf3 a6 16. Rad1 Ne8 17. a4 Bf6 18. Bxd6 Nxd6 19. Rxd6 Rxd6 20. Rxd6
Be5 21. Rd1 Qe7 22. Ne2 Rd8 23. b3 g6 24. g3 Rxd1+ 25. Qxd1 b5 26. cxb5
axb5 27. a5 b4 28. Qd3 Qc5 29. Qd8+ Kg7 30. Qc8 Qb5 31. Nf4 Bd4 32. Qc7 Be5
33. Nxe6+ Kf6 34. Qc8 Bb7 35. Nc7 Bxc8 36. Nxb5 Bd7 37. Be2 g5 38. Kg2 h5
39. a6 Bxb5 40. Bxb5 Bd4 41. h4 g4 42. f3 gxf3+ 43. Kxf3 Ba7 44. Kf4 Bb8+
45. Ke3 1-0

[Event "GM Scheveningen"]
[Site "Taiyuan CHN"]
[Date "2006.07.17"]
[Round "7"]
[White "Zhang Pengxiang"]
[Black "Vescovi,G"]
[Result "1-0"]
[WhiteElo "2622"]
[BlackElo "2619"]
[EventDate "2006.07.10"]

1. e4 e5 2. Nf3 Nc6 3. d4 exd4 4. Nxd4 Bc5 5. Nxc6 Qf6 6. Qf3 Qxf3 7. gxf3
dxc6 8. Be3 Bxe3 9. fxe3 Be6 10. Nd2 Ne7 11. Bc4 Bxc4 12. Nxc4 Rd8 13. Ke2
c5 14. Rhg1 g6 15. Rad1 Rxd1 16. Rxd1 Nc6 17. f4 Ke7 18. Rd5 b6 19. c3 Ke6
20. Kf3 f6 21. a4 Nd8 22. Nd2 Nf7 23. c4 Nd6 24. b3 c6 25. Rd3 a6 26. Rc3
Rd8 27. Ke2 Rc8 28. Rc1 b5 29. Kd3 Rd8 30. Kc3 bxc4 31. bxc4 Rb8 32. a5 Rb4
33. Ra1 Ke7 34. h4 Ke6 35. Kd3 Nb7 36. h5 gxh5 37. Rh1 Ra4 38. Rxh5 Ra3+
39. Ke2 Nxa5 40. e5 fxe5 41. Rxe5+ Kd6 42. Ne4+ Kc7 43. Rxc5 Ra4 44. f5
Rxc4 45. Re5 Nb7 46. Re7+ 1-0

[Event "GM Scheveningen"]
[Site "Taiyuan CHN"]
[Date "2006.07.18"]
[Round "8"]
[White "Berkes,F"]
[Black "Zhang Pengxiang"]
[Result "0-1"]
[WhiteElo "2601"]
[BlackElo "2622"]
[EventDate "2006.07.10"]

1. d4 d5 2. c4 c6 3. Nf3 Nf6 4. Nc3 dxc4 5. a4 Na6 6. e4 Bg4 7. Bxc4 Bxf3
8. gxf3 e6 9. Be3 Nb4 10. f4 Qa5 11. O-O O-O-O 12. Rc1 Kb8 13. Qf3 g6 14.
Kh1 Be7 15. Rg1 Ne8 16. Rgd1 Nc7 17. Qg2 Rd7 18. Rd2 Rhd8 19. Rcd1 Na8 20.
Qh3 Nb6 21. Bb3 Qa6 22. f5 gxf5 23. exf5 Nc4 24. Bxc4 Qxc4 25. fxe6 fxe6
26. Qxh7 Bd6 27. Qe4 Bxh2 28. d5 Rh8 29. Bxa7+ Ka8 30. Qxc4 Rg7 31. Rd4
Bf4+ 0-1

[Event "GM Scheveningen"]
[Site "Taiyuan CHN"]
[Date "2006.07.18"]
[Round "8"]
[White "Zhang Zhong"]
[Black "Jobava,Ba"]
[Result "1/2-1/2"]
[WhiteElo "2639"]
[BlackElo "2651"]
[EventDate "2006.07.10"]

1. e4 c6 2. d4 d5 3. exd5 cxd5 4. c4 Nf6 5. Nc3 e6 6. Nf3 Bb4 7. cxd5 Nxd5
8. Bd2 Nc6 9. Bd3 Be7 10. O-O O-O 11. a3 Bf6 12. Qc2 g6 13. Bh6 Re8 14.
Rad1 Nxc3 15. bxc3 b6 16. Bb5 Bb7 17. c4 a6 18. Ba4 Rc8 19. Qd2 b5 20. cxb5
axb5 21. Bxb5 Qd5 22. Qf4 Bh8 23. Qg5 Red8 24. Qxd5 Rxd5 25. Bxc6 Bxc6 26.
Rd2 Rdd8 27. Ne5 Be8 28. h4 Ra8 29. Ra1 Rxd4 30. Rxd4 Bxe5 31. Rad1 Bxd4
32. Rxd4 f6 33. Rc4 Rd8 34. Rc7 Rd7 35. Rc8 Kf7 36. Be3 h5 37. Ra8 Rb7 38.
Ra7 Rxa7 39. Bxa7 g5 40. g3 gxh4 41. gxh4 e5 42. Kf1 Ke6 43. Bb6 f5 44. Ke2
f4 45. Bc7 Kf5 1/2-1/2

[Event "GM Scheveningen"]
[Site "Taiyuan CHN"]
[Date "2006.07.19"]
[Round "9"]
[White "Zhang Zhong"]
[Black "Vescovi,G"]
[Result "1/2-1/2"]
[WhiteElo "2639"]
[BlackElo "2619"]
[EventDate "2006.07.10"]

1. e4 Nf6 2. e5 Nd5 3. d4 d6 4. Nf3 g6 5. Bc4 Nb6 6. Bb3 Bg7 7. O-O O-O 8.
Qe2 Bg4 9. c3 Nc6 10. Bf4 a5 11. a4 dxe5 12. dxe5 Bxf3 13. Qxf3 Bxe5 14.
Bxe5 Nxe5 15. Qxb7 c6 16. Rd1 Nbd7 17. Bc2 Rb8 18. Qa7 Rxb2 19. Na3 Qb6 20.
Rxd7 Nxd7 21. Qxd7 Qc5 22. Qd3 Rfb8 23. h3 R8b3 24. Nb1 Kg7 25. Qd2 Rb8 26.
Kf1 e5 27. Ke1 R8b7 28. Qd3 e4 29. Qd2 e3 30. fxe3 Re7 31. Kd1 Rxe3 32. Kc1
Rb8 33. Ra2 Qg5 34. Qd4+ Re5+ 35. Nd2 Rd8 36. Qf2 Qe7 37. Bd1 Re3 38. Nb1
Qe4 39. Rc2 Rb8 40. Be2 Re8 41. Bd1 Rd3 42. Rd2 Re3 43. Rd4 Qe7 44. Qd2 Re1
45. Rd7 Qf6 46. Kb2 R8e4 47. Ka2 Qe6+ 48. Ka1 Rg1 49. Bc2 Rc4 50. Bb3 Qf5
51. Qd3 Qxd3 52. Rxd3 Rc5 53. g4 h5 54. Rf3 hxg4 55. hxg4 f6 56. Kb2 Rxg4
57. Nd2 Rg2 58. Rd3 f5 59. Rd7+ Kh6 60. Kc2 Rg3 61. Bc4 f4 62. Rf7 g5 63.
Bd3 Kh5 64. Ne4 Rg2+ 65. Kb3 Re5 66. Rf6 Kh4 67. Kc4 Ra2 68. Kb3 Ra1 69.
Rxc6 Re1 70. Rh6+ Kg4 71. Nf6+ Kg3 72. Nh5+ Kg2 73. Nf6 f3 74. Ng4 Rd5 75.
Kc4 Rd8 76. Rg6 Rc8+ 77. Kd4 Rd8+ 78. Kc4 Rc8+ 79. Kd4 Rd8+ 1/2-1/2

[Event "GM Scheveningen"]
[Site "Taiyuan CHN"]
[Date "2006.07.20"]
[Round "10"]
[White "Jobava,Ba"]
[Black "Zhang Pengxiang"]
[Result "1-0"]
[WhiteElo "2651"]
[BlackElo "2622"]
[EventDate "2006.07.10"]

1. c4 e5 2. Nc3 Nf6 3. Nf3 Nc6 4. e3 Bb4 5. Qc2 Bxc3 6. Qxc3 d6 7. b4 a6 8.
Be2 Bg4 9. d3 O-O 10. h3 Bxf3 11. Bxf3 Re8 12. Bb2 d5 13. O-O Qd7 14. Qb3
e4 15. Be2 dxc4 16. Qxc4 exd3 17. Bxd3 Ne5 18. Bxe5 Rxe5 19. Rad1 Qe7 20.
Bc2 c6 21. Rd4 Rd8 22. Rxd8+ Qxd8 23. e4 Re7 24. f4 g6 25. Kh2 Qd2 26. Rf3
Kg7 27. a3 Rd7 28. Bb3 Qd4 29. e5 Ne4 30. Qxd4 Rxd4 31. Bc2 h5 32. f5 Nd2
33. f6+ Kf8 34. Rd3 Rd5 35. Rxd5 cxd5 36. Kg3 Nc4 37. e6 fxe6 38. Bxg6 Nxa3
39. Bxh5 d4 40. Kf4 Nc2 41. g4 d3 42. g5 d2 43. g6 Nxb4 44. Kg5 Nd5 45. g7+
Kg8 46. Bg4 1-0

[Event "GM Scheveningen"]
[Site "Taiyuan CHN"]
[Date "2006.07.20"]
[Round "10"]
[White "Timofeev,Arty"]
[Black "Zhang Zhong"]
[Result "1-0"]
[WhiteElo "2657"]
[BlackElo "2639"]
[EventDate "2006.07.10"]

1. e4 e5 2. Nf3 Nc6 3. Bb5 a6 4. Ba4 Nf6 5. O-O Be7 6. Re1 b5 7. Bb3 O-O 8.
d4 d6 9. c3 Bg4 10. Be3 exd4 11. cxd4 Na5 12. Bc2 Nc4 13. Bc1 c5 14. b3 Nb6
15. Nbd2 Nfd7 16. h3 Bh5 17. g4 Bg6 18. Nf1 Re8 19. Ng3 Rc8 20. d5 Bf6 21.
Rb1 h6 22. Re2 c4 23. Nf5 Bxf5 24. gxf5 Qc7 25. Be3 Nc5 26. Bf4 Qe7 27. Kg2
Bc3 28. Re3 cxb3 29. axb3 Ncd7 30. Bg3 b4 31. Qe2 a5 32. Bd3 Rc5 33. Bb5
Rec8 34. Rd1 a4 35. bxa4 Nc4 36. Bxc4 Rxc4 37. a5 b3 38. Nd2 Bxd2 39. Rxd2
Rc2 40. a6 Rxd2 41. Qxd2 Nc5 42. Qb4 Qd8 43. Rxb3 Nxb3 44. Qxb3 Qc7 45. Qb4
Ra8 46. Bxd6 Qa7 47. Be7 Qxa6 48. Qd4 Qb5 49. d6 Ra4 50. Qd5 Qxd5 51. exd5
Ra7 52. f6 gxf6 53. Kf3 f5 54. Kf4 f6 55. Kxf5 Kf7 56. Bxf6 Rd7 57. Ke5 Ra7
58. h4 h5 59. f4 Rb7 60. f5 Ke8 61. Be7 Kf7 62. Bd8 Ke8 63. Bg5 Kf7 64. Be7
Rb4 65. f6 Rb7 66. Bd8 Rd7 67. Bb6 Ke8 68. Ke6 Re7+ 69. Kf5 Re2 70. f7+ 1-0

[Event "GM Scheveningen"]
[Site "Taiyuan CHN"]
[Date "2006.07.22"]
[Round "11"]
[White "Vescovi,G"]
[Black "Wang Hao"]
[Result "1-0"]
[WhiteElo "2619"]
[BlackElo "2610"]
[EventDate "2006.07.10"]

1. d4 d5 2. c4 dxc4 3. e4 e5 4. Nf3 exd4 5. Bxc4 Bb4+ 6. Bd2 Bxd2+ 7. Nbxd2
Qf6 8. O-O Ne7 9. e5 Qg6 10. Nxd4 Nbc6 11. N2f3 O-O 12. e6 Bxe6 13. Nxe6
fxe6 14. Re1 Rad8 15. Rxe6 Rxd1+ 16. Rxd1 Qc2 17. Bb3 Qxd1+ 18. Bxd1 Nf5
19. Re4 Nd6 20. Bb3+ Kh8 21. Re1 g6 22. Kf1 Kg7 23. Rc1 Nf5 24. Ba4 Nfe7
25. Ng5 Rc8 26. Ne6+ Kf7 27. Nc5 Nd8 28. Bb3+ Ke8 29. Re1 h5 30. Nd3 Ndc6
31. Nf4 Kf8 32. Re6 Kg7 33. Bc2 Rh8 34. Nxg6 Nxg6 35. Rxg6+ Kf7 36. Rg5 Nd4
37. Bg6+ Kf6 38. Rxh5 Rg8 39. Be4 Re8 40. f3 c6 41. Rh7 1-0

[Event "GM Scheveningen"]
[Site "Taiyuan CHN"]
[Date "2006.07.22"]
[Round "11"]
[White "Timofeev,Arty"]
[Black "Bu Xiangzhi"]
[Result "1-0"]
[WhiteElo "2657"]
[BlackElo "2664"]
[EventDate "2006.07.10"]

1. e4 c5 2. Nf3 d6 3. d4 cxd4 4. Nxd4 Nf6 5. Nc3 a6 6. Be3 e5 7. Nf3 Be7 8.
Bc4 O-O 9. O-O Be6 10. Qe2 b5 11. Bb3 h6 12. Nh4 Nbd7 13. Rad1 b4 14. Na4
Qa5 15. Ng6 Rfe8 16. Nxe7+ Rxe7 17. Rxd6 Qb5 18. Qd3 Ne8 19. Qxb5 axb5 20.
Rxd7 Rxd7 21. Nb6 Rdd8 22. Nxa8 Rxa8 23. Bd2 Nd6 24. Bxe6 fxe6 25. Bxb4
Nxe4 26. a3 Rc8 27. Re1 Nf6 28. Re2 e4 29. Kf1 Kf7 30. Bc3 Nd5 31. Bd4 b4
32. axb4 Nxb4 33. Bc3 Na2 34. Re3 Kg6 35. Ke1 Kf5 36. Kd1 Rd8+ 37. Bd2 Nb4
38. Rc3 Nd5 39. Rc5 Ke5 40. Ke2 g5 41. g3 Kd6 42. Rc4 Rb8 43. b3 Ke5 44.
Ra4 Kf5 45. h3 h5 46. Ra5 Kg6 47. c4 e3 48. fxe3 Nf6 49. b4 Ne4 50. Be1 Nd6
51. c5 Nc4 52. Ra6 Kf5 53. Bc3 Rd8 54. c6 Ke4 55. c7 1-0

[Event "GM Scheveningen"]
[Site "Taiyuan CHN"]
[Date "2006.07.22"]
[Round "11"]
[White "Zhang Zhong"]
[Black "Asrian,K"]
[Result "1/2-1/2"]
[WhiteElo "2639"]
[BlackElo "2635"]
[EventDate "2006.07.10"]

1. e4 c6 2. d4 d5 3. exd5 cxd5 4. c4 Nf6 5. Nc3 Nc6 6. Bg5 e6 7. Nf3 Be7 8.
Rc1 h6 9. Bf4 O-O 10. c5 Ne4 11. Bb5 f5 12. Bxc6 bxc6 13. Ne5 Qe8 14. Qa4
g5 15. Qxc6 Rb8 16. Nxe4 dxe4 17. Qxe8 Rxe8 18. Nc6 Rxb2 19. Bd6 Bf6 20.
O-O Rxa2 21. Ra1 Rxa1 22. Rxa1 Bd7 23. Ne5 Bxe5 24. Bxe5 Ra8 25. Ra5 Kf7
26. g3 a6 27. Kf1 Bc6 28. Ke2 Ke7 29. Ke3 Bb5 30. f3 exf3 31. Kxf3 Kd7 32.
Bg7 h5 33. Bf6 Rg8 34. Ra1 Rg6 35. Be5 Kc6 36. Kf2 Rh6 37. Bg7 Rg6 38. Be5
Rg8 39. Bf6 Kd5 40. Re1 Bc4 41. Rb1 Rg6 42. Be5 Bb5 43. Rc1 Kc6 1/2-1/2

[Event "GM Scheveningen"]
[Site "Taiyuan CHN"]
[Date "2006.07.23"]
[Round "12"]
[White "Bu Xiangzhi"]
[Black "Jobava,Ba"]
[Result "1/2-1/2"]
[WhiteElo "2664"]
[BlackElo "2651"]
[EventDate "2006.07.10"]

1. Nf3 Nf6 2. c4 g6 3. g3 Bg7 4. Bg2 d6 5. d4 Nbd7 6. O-O e5 7. Nc3 O-O 8.
e4 c6 9. b3 a6 10. a4 exd4 11. Nxd4 Nc5 12. h3 Re8 13. Re1 a5 14. Bf4 Nfd7
15. Be3 Na6 16. Re2 Ndc5 17. Rd2 Qe7 18. Rb1 Bd7 19. Nde2 Rad8 20. Bd4 Be5
21. f4 Bxd4+ 22. Nxd4 f5 23. Re2 Qf6 24. Kh2 fxe4 25. Nxe4 Nxe4 26. Rxe4
Rxe4 27. Bxe4 Nc5 28. Bg2 Re8 29. Qd2 Ne4 30. Qd3 Nc5 31. Qd2 Ne4 32. Qd3
Nc5 1/2-1/2

[Event "GM Scheveningen"]
[Site "Taiyuan CHN"]
[Date "2006.07.23"]
[Round "12"]
[White "Berkes,F"]
[Black "Zhang Zhong"]
[Result "1-0"]
[WhiteElo "2601"]
[BlackElo "2639"]
[EventDate "2006.07.10"]

1. d4 d6 2. Nf3 Bg4 3. c4 g6 4. Nbd2 Bg7 5. h3 Bd7 6. e4 e5 7. d5 Na6 8. a3
f5 9. b4 Nf6 10. Bd3 O-O 11. O-O c5 12. Rb1 h6 13. Bc2 Qe8 14. b5 Nc7 15.
b6 axb6 16. Rxb6 Ra6 17. Rxb7 Qc8 18. Rb3 f4 19. Nh4 Kh7 20. Kh2 h5 21. Rh1
Bh6 22. Kg1 Nce8 23. g3 Kg7 24. Kg2 Nh7 25. Ndf3 Ng5 26. Nxg5 Bxg5 27. Nf3
Bh6 28. gxf4 Bxf4 29. Ng5 Ra7 30. Rg1 Kh8 31. Rf3 Ng7 32. Rxf4 exf4 33. Bb2
Kg8 34. Kh2 Be8 35. Bxg7 Kxg7 36. Ne6+ Kf7 37. Qf3 Rg8 38. Qxf4+ Ke7 39.
Qg5+ Kd7 40. Rb1 Bf7 41. Qf6 Ke8 42. Ba4+ 1-0